| 000 | 00482nam a22001937a 4500 | ||
|---|---|---|---|
| 003 | MPLRDC | ||
| 005 | 20220104125726.0 | ||
| 008 | 210129b ||||| |||| 00| 0 eng d | ||
| 020 | _a7-104-02265-1 | ||
| 082 | _a523.23 SYQ | ||
| 100 | _a孙艳秋主编 | ||
| 245 |
_a学词语 _c墨人绘画 |
||
| 250 | _a一版一刷 | ||
| 260 |
_a _b中国戏剧 _c2006 |
||
| 300 | _b平 | ||
| 490 | _a幼儿学前必备丛书 | ||
| 650 | _a学前教育--方法 | ||
| 942 |
_cBK _o523.23 SYQ |
||
| 999 |
_c29642 _d29632 |
||